UK Geospatial Strategy 2030 (Record no. 121559)
[ view plain ]
| 000 -LEADER | |
|---|---|
| fixed length control field | 01765nam a22001937a 4500 |
| 008 - FIXED-LENGTH DATA ELEMENTS--GENERAL INFORMATION | |
| fixed length control field | 230626e20230615xxk|||||o||||o00| 0 eng d |
| 041 ## - LANGUAGE CODE | |
| Language code of text/sound track or separate title | eng |
| 245 ## - TITLE STATEMENT | |
| Title | UK Geospatial Strategy 2030 |
| Subtitle | unlocking the power of location |
| Medium | [Electronic resource] |
| 260 ## - PUBLICATION INFORMATION | |
| Publisher | Department for Science, Innovation and Technology, Geospatial Commission, |
| Date | 15 June 2023 |
| 300 ## - PHYSICAL DESCRIPTION | |
| Physical description | 52p. |
| 520 ## - ABSTRACT | |
| Abstract | The strategy sets a vision to unlock the power of location data and technologies across the UK economy. It will unlock billions of pounds of economic benefits through harnessing technologies such as AI, satellite imaging and real-time data to boost location-powered innovation. <br/><br/>The strategy sets out an ambitious programme of activity, across three key missions:<br/><br/>Mission 1: Embrace enabling technologies to accelerate geospatial innovation. <br/>Mission 2: Drive greater use of geospatial applications and insights across the economy. <br/>Mission 3: Build confidence in the future geospatial ecosystem. <br/>The UK Geospatial Strategy 2030 is government’s plan to unlock the power of location data and technologies across the UK economy. The UK Geospatial Strategy 2030 will unlock billions of pounds in economic benefits through harnessing technologies such as AI, satellite imaging and real-time data to boost location-powered innovation and driving the use of location data in key markets, such as property, transport and utilities. |
| 650 ## - KEYWORDS | |
| Keywords | GEOSPATIAL |
| 650 ## - KEYWORDS | |
| Keywords | LAND ECONOMY |
| 650 ## - KEYWORDS | |
| Keywords | SATELLITE IMAGING |
| 651 ## - SUBJECT ADDED ENTRY--GEOGRAPHIC NAME | |
| Geographic name | United Kingdom |
| 690 ## - BROAD SUBJECT | |
| 9 (RLIN) | 6251 |
| Broad subject | Land use |
| 856 ## - ONLINE RESOURCE | |
| Uniform Resource Identifier | <a href="https://assets.publishing.service.gov.uk/government/uploads/system/uploads/attachment_data/file/1162795/2023-06-15_UK_Geospatial_Strategy_2023_.pdf">https://assets.publishing.service.gov.uk/government/uploads/system/uploads/attachment_data/file/1162795/2023-06-15_UK_Geospatial_Strategy_2023_.pdf</a> |
| Public note | Available on GOV.uk |
| 942 ## - ADDED ENTRY ELEMENTS (KOHA) | |
| Suppress in OPAC | Do not suppress in OPAC |
| Lost status | Damaged status | Not for loan | Home library | Current library | Shelving location | Date acquired | Total Checkouts | Full call number | Date last seen | Price effective from | Koha item type |
|---|---|---|---|---|---|---|---|---|---|---|---|
| Virtual | Virtual | Online | 26/06/2023 | ONLINE PUBLICATION | 26/06/2023 | 26/06/2023 | Online material |